|
|
|
|
| LEADER |
00000nam a2200000 a 4500 |
| 001 |
vtls008406222 |
| 003 |
SK-MaSNL |
| 005 |
20260301021153.0 |
| 008 |
251124s1932 xo slo |
| 015 |
|
|
|a SKSNBA19191938-014615
|
| 035 |
|
|
|a SK01SNKBSKHR20010098439
|
| 035 |
|
|
|a SKM000100902
|
| 040 |
|
|
|a SNK
|b slo
|c SNK
|e AACR2
|
| 041 |
1 |
|
|a slo
|
| 044 |
|
|
|a xo
|
| 080 |
|
|
|a 792
|2 1981
|
| 080 |
|
|
|a 885.4
|2 1981
|
| 100 |
1 |
|
|a Weissová, Lujza
|4 aut
|9 309700
|
| 245 |
1 |
0 |
|a Kvet lásky
|b hra o 1 dejstve
|c Lujza Weissová
|
| 260 |
|
|
|a Piešťany
|b n. vl.
|c 1932
|e Trnava
|f Fr. Urbánek
|
| 300 |
|
|
|a 20 s.
|c 8°
|
| 650 |
0 |
7 |
|a slovenská dráma
|2 SNK
|9 78099
|
| 655 |
|
7 |
|a umelecká literatúra
|2 SNKPH
|9 60405
|
| 852 |
|
|
|a Slovenská národná knižnica v Martine
|b 10000
|h MS SD 14767
|
| 852 |
|
|
|a Univerzitná knižnica v Bratislave
|b 300000
|h SG 2518
|
| 958 |
|
|
|a OND
|
| 958 |
|
|
|a RK
|
| 958 |
|
|
|a TL
|
| 999 |
|
|
|c 564751
|d 566681
|
| 952 |
|
|
|a SNK
|b SNK
|y PREZ
|7 0
|p 17A0523945
|o snkSD 14767
|i snk697/58
|0 0
|1 0
|4 0
|d 2006-10-17
|l 0
|r 2025-11-28 00:00:00
|w 2026-02-23
|